| 000 | 00602nam a2200193Ia 4500 | ||
|---|---|---|---|
| 003 | IEPS | ||
| 005 | 20260419103232.0 | ||
| 008 | 250223s9999||||xx |||||||||||||| ||und|| | ||
| 040 |
_CIEPS _cUNIV.ALGER3 IEPS |
||
| 041 | _aara | ||
| 082 | _a152 | ||
| 100 | _aجبرين عمر محمد | ||
| 245 | 0 | _aعلم النفس الفسيولوجي | |
| 245 | 0 | _bدراسة في الأسس العضوية و العصبية | |
| 260 |
_aالأردن _bالجامعة الأردنية _c[د.ت.] |
||
| 300 |
_a158 ص. _bغلاف ملون ومصور _c22 سم. |
||
| 653 | _aعلم النفس | ||
| 942 | _cكتاب | ||
| 999 |
_c11263 _d11263 |
||